[Event "C.to Europeo U12"]
[Site "Fermo ITA"]
[Date "2009.09.07"]
[Round "7"]
[White "Eggink, Ryszard"]
[Black "Lamard, Guillaume"]
[Result "0-1"]
[WhiteElo "1819"]
[BlackElo "2101"]
[PlyCount "66"]
[EventDate "2009.08.31"]

1. e4 c5 2. Nf3 e6 3. d4 cxd4 4. Nxd4 Nc6 5. Nc3 Qc7 6. Be3 a6 7. Qd2 Nf6 8. f3
Bb4 9. O-O-O O-O 10. a3 Be7 11. g4 b5 12. g5 Ne8 13. Bf4 d6 14. Nxc6 Qxc6 15.
Kb1 Bb7 16. h4 Rd8 17. h5 Nc7 18. Bd3 e5 19. Be3 d5 20. exd5 Nxd5 21. Nxd5 Qxd5
22. Rdf1 Qe6 23. Qf2 f5 24. gxf6 Bxf6 25. Qg3 Rxd3 26. cxd3 Qb3 27. Bc5 Rc8 28.
Rc1 Qxd3+ 29. Ka1 e4 30. Rhg1 Rxc5 31. Qb8+ Bc8 32. Qxc8+ Rxc8 33. Rxc8+ Kf7
0-1

[Event "C.to Europeo U12"]
[Site "Fermo ITA"]
[Date "2009.09.07"]
[Round "7"]
[White "Garrido Piriz, Pablo"]
[Black "Codenotti, Marco"]
[Result "0-1"]
[WhiteElo "1658"]
[BlackElo "2117"]
[PlyCount "70"]
[EventDate "2009.08.31"]

1. e4 d6 2. d4 Nf6 3. Nc3 g6 4. Bc4 Bg7 5. Nge2 O-O 6. f3 c6 7. O-O b5 8. Bb3
Nbd7 9. Be3 Bb7 10. Qd2 a6 11. Rad1 Rc8 12. a4 b4 13. Na2 a5 14. c3 bxc3 15.
bxc3 c5 16. Nac1 Qc7 17. c4 cxd4 18. Nxd4 Ne5 19. Nb5 Qd8 20. c5 dxc5 21. Qa2
Nfd7 22. f4 Ng4 23. Be6 Nxe3 24. Rxd7 Qb6 25. Rxe7 Nxf1 26. Bxc8 Bxc8 27. Kxf1
Qf6 28. Rc7 Qxf4+ 29. Ke2 Bg4+ 30. Kd3 Rd8+ 31. Kc2 Rd2+ 32. Kb3 Be6+ 33. Ka3
Rxa2+ 34. Nxa2 Qe3+ 35. Nac3 Qc1# 0-1

[Event "C.to Europeo U12"]
[Site "Fermo ITA"]
[Date "2009.09.07"]
[Round "7"]
[White "Huber, Martin Christian"]
[Black "Bluebaum, Matthias"]
[Result "1/2-1/2"]
[WhiteElo "1855"]
[BlackElo "2075"]
[PlyCount "67"]
[EventDate "2009.08.31"]

1. d4 Nf6 2. c4 c6 3. Nf3 d5 4. Nc3 dxc4 5. a4 Bf5 6. e3 Nbd7 7. Bxc4 Qc7 8.
O-O e6 9. Qe2 Be7 10. e4 Bg4 11. h3 Bh5 12. Be3 O-O 13. Rac1 Qa5 14. Rfd1 Rac8
15. Bf4 e5 16. Be3 exd4 17. Bxd4 Bxf3 18. Qxf3 Ne5 19. Qe2 Nxc4 20. Qxc4 Rcd8
21. Qe2 Nd7 22. f4 Bc5 23. Kh1 Qb6 24. a5 Qc7 25. Qf2 Bxd4 26. Qxd4 Qxa5 27.
Ra1 Qb6 28. Rxa7 Nc5 29. Rxb7 Qxb7 30. Qxd8 Qxb2 31. Qd4 Ne6 32. Qe3 Nxf4 33.
Qxf4 Qxc3 34. Rc1 1/2-1/2

[Event "C.to Europeo U12"]
[Site "Fermo ITA"]
[Date "2009.09.07"]
[Round "7"]
[White "Lekic, Lazar"]
[Black "Vereggen, Lars"]
[Result "1/2-1/2"]
[WhiteElo "1755"]
[BlackElo "1936"]
[PlyCount "111"]
[EventDate "2009.08.31"]

1. e4 c5 2. Nf3 d6 3. d4 cxd4 4. Nxd4 Nf6 5. Nc3 a6 6. Bg5 Nbd7 7. Bc4 e6 8. f4
Qc7 9. Bb3 b5 10. Qf3 Bb7 11. O-O-O b4 12. Nd5 exd5 13. exd5 O-O-O 14. Nc6 Bxc6
15. dxc6 Nc5 16. Bxf6 gxf6 17. Qd5 Bg7 18. Rd4 a5 19. Rhd1 Kb8 20. f5 Bh6+ 21.
Kb1 Be3 22. Rg4 Nxb3 23. axb3 Bc5 24. Rg7 Rhf8 25. Rxh7 Rde8 26. Qc4 Ka7 27.
Rh6 Kb6 28. Rxf6 Qxc6 29. Rxf7 Re4 30. Rxf8 Rxc4 31. bxc4 Qxg2 32. f6 Qg6 33.
f7 b3 34. Rb8+ Ka6 35. Ra8+ Ba7 36. Rxa7+ Kxa7 37. Rf1 bxc2+ 38. Ka1 c1=Q+ 39.
Rxc1 Qxf7 40. c5 Qf4 41. Rc3 Qxh2 42. cxd6 Qxd6 43. Ra3 Qd4 44. Ka2 Ka6 45. Rc3
a4 46. Ra3 Kb5 47. Rc3 Kb4 48. Ra3 Qd5+ 49. Ka1 Kc4 50. Rxa4+ Kd3 51. Ra3+ Kd2
52. Rc3 Qa5+ 53. Ra3 Qb4 54. Rc3 Qa4+ 55. Ra3 Qd1+ 56. Ka2 1/2-1/2

[Event "C.to Europeo U12"]
[Site "Fermo ITA"]
[Date "2009.09.07"]
[Round "7"]
[White "Minko, Vladimir"]
[Black "Dastan, Muhammed Batuhan"]
[Result "0-1"]
[WhiteElo "2097"]
[BlackElo "1905"]
[PlyCount "54"]
[EventDate "2009.08.31"]

1. d4 Nf6 2. c4 g6 3. Nf3 Bg7 4. g3 O-O 5. Bg2 d6 6. Nc3 c5 7. d5 Bf5 8. O-O
Ne4 9. Nxe4 Bxe4 10. Ne1 Bxg2 11. Nxg2 Nd7 12. Qc2 a6 13. a4 b5 14. e4 Ne5 15.
axb5 axb5 16. Rxa8 Qxa8 17. cxb5 Qb7 18. f4 Nd7 19. Bd2 Qxb5 20. Bc3 Rb8 21.
Bxg7 Kxg7 22. Qc3+ Nf6 23. Rf2 Qb4 24. Re2 Qxc3 25. bxc3 Rb3 26. Re3 Ng4 27.
Rf3 Rb2 0-1

[Event "C.to Europeo U12"]
[Site "Fermo ITA"]
[Date "2009.09.07"]
[Round "7"]
[White "Sanal, Vahap"]
[Black "Svane, Rasmus"]
[Result "1-0"]
[WhiteElo "1976"]
[BlackElo "2080"]
[PlyCount "105"]
[EventDate "2009.08.31"]

1. e4 e5 2. Nf3 Nf6 3. Nxe5 d6 4. Nf3 Nxe4 5. Nc3 Nxc3 6. dxc3 Be7 7. Bf4 Nc6
8. Qd2 Be6 9. O-O-O Bxa2 10. b3 a5 11. Kb2 a4 12. Kxa2 axb3+ 13. Kxb3 Ra5 14.
Kb2 Qa8 15. Bc4 d5 16. Bxc7 O-O 17. Ra1 Rxa1 18. Rxa1 Qc8 19. Qxd5 Qxc7 20. Bb3
Bf6 21. Re1 Rc8 22. Re3 b5 23. Qxb5 Ra8 24. Re4 Qd6 25. Ra4 Rc8 26. Qd3 Qc7 27.
Rc4 Qe7 28. Qd5 Ra8 29. Rc5 Nd8 30. Ra5 Rc8 31. Ne5 Nb7 32. Nxf7 Bxc3+ 33. Ka2
Nxa5 34. Nd6+ Kh8 35. Nxc8 Qf8 36. Nd6 Nxb3 37. Kxb3 Bf6 38. c4 g6 39. c5 Be7
40. Qe5+ Kg8 41. Qe6+ Kg7 42. Ne4 Qb8+ 43. Kc4 Bf8 44. Nd6 Qa7 45. Qe5+ Kg8 46.
Qd5+ Kh8 47. Kd3 Qa3+ 48. Ke4 Qc1 49. Qe5+ Kg8 50. Qe6+ Kg7 51. Qf7+ Kh6 52.
Qxf8+ Kh5 53. Qf3+ 1-0

[Event "C.to Europeo U12"]
[Site "Fermo ITA"]
[Date "2009.09.07"]
[Round "7"]
[White "Viviani, Alessio"]
[Black "Tatekhin, Vyacheslav"]
[Result "0-1"]
[WhiteElo "1893"]
[BlackElo "2011"]
[PlyCount "104"]
[EventDate "2009.08.31"]

1. d4 Nf6 2. c4 e5 3. dxe5 Ng4 4. e3 Nxe5 5. Nf3 Nbc6 6. Nbd2 d6 7. Be2 Be7 8.
O-O O-O 9. Qc2 Re8 10. a3 a5 11. b3 Bf6 12. Bb2 Qe7 13. Rac1 b6 14. Nb1 Bb7 15.
Nc3 Qd7 16. Nd5 Nxf3+ 17. Bxf3 Bxb2 18. Qxb2 Ne5 19. Nf6+ gxf6 20. Bxb7 Rab8
21. Be4 Kg7 22. Qe2 Ng6 23. Bc2 Qe6 24. Rcd1 Rbd8 25. Rd4 Qe5 26. Rfd1 Re6 27.
Bb1 Qc5 28. Qb2 Rde8 29. Rd5 Qc6 30. Qe2 Re5 31. Qf3 Rxd5 32. Rxd5 Re5 33. Be4
Rxd5 34. Bxd5 Qc5 35. a4 Qa3 36. Qd1 Qb2 37. h3 Qc3 38. Be4 Ne5 39. Qc2 Qe1+
40. Kh2 h6 41. Bf5 Nc6 42. Qe4 Qxf2 43. Qxc6 Qxf5 44. Qxc7 Qe5+ 45. Kh1 Qxe3
46. Qxd6 Qxb3 47. Qc6 Qb2 48. Qe4 Qa1+ 49. Kh2 Qe5+ 50. Qxe5 fxe5 51. Kg3 f5
52. Kf3 Kf6 0-1

[Event "C.to Europeo U12"]
[Site "Fermo ITA"]
[Date "2009.09.08"]
[Round "8"]
[White "Ali Marandi, Cemil Can"]
[Black "Csonka, Balazs"]
[Result "0-1"]
[WhiteElo "1946"]
[BlackElo "2062"]
[PlyCount "92"]
[EventDate "2009.08.31"]

1. d4 Nf6 2. Nf3 g6 3. c3 Bg7 4. Bg5 O-O 5. Nbd2 d6 6. e4 c5 7. dxc5 dxc5 8.
Bc4 Nc6 9. O-O Na5 10. Be2 Be6 11. Qc2 a6 12. Rad1 Qc7 13. Rfe1 b5 14. Bf1 h6
15. Bh4 Rfd8 16. Bg3 Qb7 17. Bf4 Rac8 18. g3 Nc6 19. Be3 Nd4 20. cxd4 cxd4 21.
Qb1 dxe3 22. Rxe3 Ng4 23. Re2 Qb6 24. h3 Ne5 25. Ree1 Nc4 26. Nxc4 bxc4 27. e5
Rxd1 28. Rxd1 c3 29. bxc3 Qxb1 30. Rxb1 Rxc3 31. Nd4 Bxa2 32. Ra1 Bxe5 33. Rxa2
Bxd4 34. Kg2 a5 35. f4 Bb6 36. Bb5 Kg7 37. h4 h5 38. Ra4 Bc7 39. Kf2 e5 40.
fxe5 Bxe5 41. g4 Rb3 42. Be2 hxg4 43. Rxa5 Bd4+ 44. Kg2 Rb2 45. Kf1 g3 46. Rg5
g2+ 0-1

[Event "C.to Europeo U12"]
[Site "Fermo ITA"]
[Date "2009.09.08"]
[Round "8"]
[White "Harutyunian, Tigran K."]
[Black "Ladva, Ottomar"]
[Result "1/2-1/2"]
[WhiteElo "2064"]
[BlackElo "1870"]
[PlyCount "72"]
[EventDate "2009.08.31"]

1. d4 d5 2. c4 c6 3. Nf3 Nf6 4. e3 Bf5 5. Qb3 Qc7 6. Nc3 e6 7. Bd2 Nbd7 8. Rc1
Rc8 9. Be2 Qb8 10. cxd5 exd5 11. Na4 Ne4 12. Bb4 Bxb4+ 13. Qxb4 Nd6 14. O-O O-O
15. Nc5 Rfe8 16. Rfd1 Bg4 17. h3 Nxc5 18. Qxc5 Ne4 19. Qc2 Bxf3 20. Bxf3 Qd6
21. Bxe4 Rxe4 22. Qa4 a6 23. b4 Rce8 24. Qb3 f5 25. a4 f4 26. exf4 Qxf4 27. b5
Re2 28. Qf3 Qxf3 29. gxf3 R8e6 30. bxc6 bxc6 31. Rc5 Ra2 32. Ra5 Ree2 33. Rf1
Red2 34. Rxa6 Rxd4 35. Rxc6 Raxa4 36. Re1 Ra7 1/2-1/2

[Event "C.to Europeo U12"]
[Site "Fermo ITA"]
[Date "2009.09.08"]
[Round "8"]
[White "Lamard, Guillaume"]
[Black "Zanan, Evgeny"]
[Result "1-0"]
[WhiteElo "2101"]
[BlackElo "2111"]
[PlyCount "73"]
[EventDate "2009.08.31"]

1. d4 Nf6 2. c4 g6 3. Nc3 d5 4. Nf3 Bg7 5. Qb3 dxc4 6. Qxc4 O-O 7. e4 Na6 8.
Be2 Nd7 9. Be3 c6 10. O-O Nb6 11. Qd3 Be6 12. b3 c5 13. d5 Bg4 14. Rac1 Qd7 15.
h3 Bxf3 16. Bxf3 e6 17. Qb5 Qe7 18. Rfd1 Rfd8 19. a4 Rab8 20. Ne2 Rbc8 21. a5
Na8 22. dxe6 fxe6 23. Nf4 N8c7 24. Qxb7 Rb8 25. Rxd8+ Qxd8 26. Qc6 Qf6 27. Nd3
Rxb3 28. e5 Qf7 29. Nxc5 Nxc5 30. Qxc5 Nd5 31. Bxd5 exd5 32. Qc8+ Qf8 33. Qe6+
Qf7 34. Rc8+ Bf8 35. Rxf8+ Kxf8 36. Bh6+ Kg8 37. Qc8+ 1-0

[Event "C.to Europeo U12"]
[Site "Fermo ITA"]
[Date "2009.09.08"]
[Round "8"]
[White "Sibashvili, Giorgi"]
[Black "Viviani, Alessio"]
[Result "1-0"]
[WhiteElo "1726"]
[BlackElo "1893"]
[PlyCount "79"]
[EventDate "2009.08.31"]

1. d4 Nf6 2. c4 g6 3. Nc3 Bg7 4. g3 O-O 5. Bg2 d6 6. Nf3 c6 7. O-O Nbd7 8. Re1
e5 9. e3 Re8 10. b3 h6 11. Bb2 e4 12. Nd2 d5 13. cxd5 cxd5 14. Nb5 Nf8 15. Rc1
Ne6 16. Bh3 Ng5 17. Bxc8 Rxc8 18. Rxc8 Qxc8 19. h4 Nf3+ 20. Nxf3 exf3 21. Nd6
Qh3 22. Qxf3 Re7 23. Rc1 Qd7 24. Ba3 Re6 25. Rc8+ Kh7 26. Rb8 Rxd6 27. Bxd6
Qxd6 28. Rxb7 Qa6 29. Rxf7 Kg8 30. Rxf6 Qxf6 31. Qxd5+ Kh7 32. b4 Qb6 33. b5 a6
34. a4 axb5 35. axb5 Qa5 36. Qc6 Qb4 37. b6 h5 38. b7 Kh6 39. Qc7 Qb1+ 40. Kh2
1-0

[Event "C.to Europeo U12"]
[Site "Fermo ITA"]
[Date "2009.09.09"]
[Round "9"]
[White "Csonka, Balazs"]
[Black "Lamard, Guillaume"]
[Result "1/2-1/2"]
[WhiteElo "2062"]
[BlackElo "2101"]
[PlyCount "32"]
[EventDate "2009.08.31"]

1. e4 e6 2. d4 d5 3. Nc3 Bb4 4. e5 c5 5. a3 Bxc3+ 6. bxc3 Qc7 7. Qg4 f5 8. Qh5+
g6 9. Qd1 h6 10. Nf3 Ne7 11. Be2 b6 12. O-O Ba6 13. Bxa6 Nxa6 14. a4 Nb8 15.
Qe2 Kf7 16. a5 Qc6 1/2-1/2

[Event "C.to Europeo U12"]
[Site "Fermo ITA"]
[Date "2009.09.09"]
[Round "9"]
[White "Ladva, Ottomar"]
[Black "Boruchovsky, Avital"]
[Result "1/2-1/2"]
[WhiteElo "1870"]
[BlackElo "2084"]
[PlyCount "109"]
[EventDate "2009.08.31"]

1. e4 e5 2. Nf3 Nc6 3. Bb5 a6 4. Ba4 Nf6 5. O-O Nxe4 6. d4 b5 7. Bb3 d5 8. dxe5
Be6 9. Be3 Be7 10. c3 O-O 11. Nbd2 Qc8 12. Bc2 f5 13. exf6 Nxf6 14. Re1 Bd6 15.
Bd4 Bf5 16. Nf1 Bxc2 17. Qxc2 Ne4 18. Qb3 Rf5 19. Ne3 Na5 20. Qc2 Rxf3 21. gxf3
Ng5 22. Qf5 Qxf5 23. Nxf5 Nxf3+ 24. Kg2 Nxe1+ 25. Rxe1 Kf7 26. Nxd6+ cxd6 27.
Rd1 Re8 28. Kf1 g6 29. b3 Nc6 30. Be3 Ke6 31. Kg2 Ne5 32. Bd4 Nf7 33. a4 bxa4
34. b4 Ne5 35. Ra1 Nc6 36. Be3 a5 37. bxa5 Nxa5 38. Rxa4 Nc4 39. Bd4 Re7 40. f3
Rb7 41. Kg3 Rf7 42. Ra7 Rxa7 43. Bxa7 Na3 44. Kg4 Nb5 45. Bd4 Nxd4 46. cxd4 Kf6
47. h4 h6 48. f4 Ke6 49. f5+ gxf5+ 50. Kf4 Kf6 51. h5 Ke6 52. Kg3 Ke7 53. Kf3
Ke6 54. Kg3 Kd7 55. Kf4 1/2-1/2

[Event "C.to Europeo U12"]
[Site "Fermo ITA"]
[Date "2009.09.09"]
[Round "9"]
[White "Zanan, Evgeny"]
[Black "Kumsiashvili, Nikoloz"]
[Result "1-0"]
[WhiteElo "2111"]
[BlackElo "1912"]
[PlyCount "65"]
[EventDate "2009.08.31"]

1. e4 c5 2. Nf3 d6 3. d4 cxd4 4. Nxd4 Nf6 5. Nc3 Nc6 6. Bg5 e6 7. Qd2 Qb6 8.
Nb3 a6 9. O-O-O Be7 10. f3 O-O 11. g4 Qc7 12. Be3 b5 13. g5 Nd7 14. h4 Nce5 15.
f4 Nc4 16. Bxc4 bxc4 17. Nd4 Rb8 18. f5 Qb7 19. b3 cxb3 20. cxb3 Nc5 21. f6 Bd8
22. fxg7 Re8 23. g6 fxg6 24. h5 g5 25. Bxg5 Ba5 26. Bh6 e5 27. Rhf1 Bg4 28. Qg5
Nd3+ 29. Rxd3 Qf7 30. Rxf7 Kxf7 31. Qxg4 exd4 32. Rf3+ Ke7 33. Nd5+ 1-0

[Event "C.to Europeo U12 femminile"]
[Site "Fermo ITA"]
[Date "2009.08.31"]
[Round "1"]
[White "Galante, Carlotta"]
[Black "Jacimovic, Sara"]
[Result "0-1"]
[WhiteElo "1284"]
[BlackElo "1833"]
[PlyCount "50"]
[EventDate "2009.08.31"]

1. e4 e5 2. Nf3 Nc6 3. Bc4 Bc5 4. c3 Nf6 5. d3 O-O 6. Bg5 h6 7. Bh4 d6 8. O-O
Bb6 9. Bb3 Be6 10. Bc2 d5 11. Nbd2 Re8 12. h3 g5 13. Bg3 Nd7 14. exd5 Bxd5 15.
Re1 f5 16. c4 Bf7 17. a3 a5 18. Rb1 h5 19. h4 g4 20. Ng5 f4 21. Nxf7 Kxf7 22.
Bh2 Qxh4 23. g3 fxg3 24. Bxg3 Qxg3+ 25. Kh1 Bxf2 0-1

[Event "C.to Europeo U12 femminile"]
[Site "Fermo ITA"]
[Date "2009.08.31"]
[Round "1"]
[White "Hiebler, Laura"]
[Black "Santeramo, Alessia Carmen"]
[Result "1-0"]
[WhiteElo "1631"]
[BlackElo "1554"]
[PlyCount "43"]
[EventDate "2009.08.31"]

1. e4 e5 2. Nf3 Nf6 3. Nxe5 d6 4. Nf3 Nxe4 5. d3 Nf6 6. Nc3 Nc6 7. Bg5 Be7 8.
Qd2 Bg4 9. Be2 Qd7 10. h3 Be6 11. O-O-O h6 12. Be3 O-O-O 13. d4 d5 14. Bb5 Bb4
15. Ne5 Ne4 16. Bxc6 bxc6 17. Qd3 Rhe8 18. Qa6+ Kb8 19. Nxc6+ Qxc6 20. Qxc6
Nxc3 21. bxc3 Ba3+ 22. Kd2 1-0

[Event "C.to Europeo U12 femminile"]
[Site "Fermo ITA"]
[Date "2009.08.31"]
[Round "1"]
[White "Papathanasiou, Elisavet"]
[Black "Principi, Carlotta"]
[Result "1-0"]
[WhiteElo "1638"]
[BlackElo "1524"]
[PlyCount "71"]
[EventDate "2009.08.31"]

1. d4 d5 2. c4 e6 3. Nc3 Nf6 4. cxd5 Nxd5 5. e4 Nxc3 6. bxc3 c5 7. d5 exd5 8.
exd5 b6 9. Nf3 Bb7 10. Bb5+ Nd7 11. Ne5 Bc8 12. O-O Bd6 13. Nc6 Qc7 14. Re1+
Kf8 15. Qe2 Nf6 16. Bg5 Bd7 17. Bxf6 gxf6 18. Qh5 h6 19. Qh4 Kg7 20. Bd3 Bxc6
21. dxc6 Rag8 22. Be4 Be5 23. Re3 Kf8 24. Rd1 h5 25. Bf3 Rg7 26. Rd7 Qc8 27.
Rxe5 Rg6 28. Rxh5 Rhg8 29. Rh8 Qe8 30. Rxg8+ Rxg8 31. Qh6+ Rg7 32. Qd2 f5 33.
Rd8 Ke7 34. Rxe8+ Kxe8 35. Qd7+ Kf8 36. Qd8# 1-0

[Event "C.to Europeo U12 femminile"]
[Site "Fermo ITA"]
[Date "2009.09.01"]
[Round "2"]
[White "Boyarchenko, Vlada"]
[Black "Baghirova, Khatin Mahammad Qizi"]
[Result "0-1"]
[WhiteElo "1606"]
[BlackElo "1852"]
[PlyCount "70"]
[EventDate "2009.08.31"]

1. e4 c5 2. b3 Nc6 3. Bb2 e6 4. Bb5 d6 5. f4 Nge7 6. Nf3 Qc7 7. O-O Bd7 8. Ng5
h6 9. Qh5 g6 10. Qf3 Nd4 11. Bxd7+ Qxd7 12. Bxd4 cxd4 13. Nh3 Nc6 14. Na3 Rc8
15. Rfc1 d5 16. Nb1 dxe4 17. Qxe4 Bg7 18. Na3 O-O 19. Nc4 b5 20. Nb2 Rfe8 21.
Nd3 Qe7 22. Re1 f5 23. Qe2 a6 24. Kh1 Nb4 25. Rac1 Rxc2 26. Nxb4 Rxc1 27. Rxc1
Qxb4 28. Nf2 Qa3 29. Rc2 e5 30. fxe5 Rxe5 31. Qf1 Qe7 32. Nd3 Re2 33. h3 Qe4
34. Qf3 Kh7 35. Qxe4 fxe4 0-1

[Event "C.to Europeo U12 femminile"]
[Site "Fermo ITA"]
[Date "2009.09.01"]
[Round "2"]
[White "Kostitsina, Liubov"]
[Black "Guerini, Silvia jr"]
[Result "1-0"]
[WhiteElo "1871"]
[BlackElo "1527"]
[PlyCount "51"]
[EventDate "2009.08.31"]

1. e4 e5 2. Nf3 Nc6 3. d4 exd4 4. Nxd4 Bc5 5. Nb3 Bb6 6. a4 a5 7. Nc3 d6 8. Bb5
Bd7 9. O-O Nf6 10. Bg5 Qe7 11. Nd5 Qe5 12. Bxf6 gxf6 13. Nxb6 cxb6 14. Qd5 Rg8
15. Kh1 Ke7 16. Rad1 Be6 17. f4 Bxd5 18. fxe5 Bxb3 19. exd6+ Kd7 20. cxb3 Rg6
21. e5 Ke6 22. Bd3 Rh6 23. exf6 Rd8 24. Bc4+ Ke5 25. Bxf7 Rxf6 26. Rde1+ 1-0

[Event "C.to Europeo U12 femminile"]
[Site "Fermo ITA"]
[Date "2009.09.01"]
[Round "2"]
[White "Schnegg, Anna-Lena"]
[Black "Hiebler, Laura"]
[Result "1-0"]
[WhiteElo "1814"]
[BlackElo "1631"]
[PlyCount "41"]
[EventDate "2009.08.31"]

1. g3 e5 2. c4 Bc5 3. Bg2 Qf6 4. e3 Ne7 5. Nc3 O-O 6. Nge2 Qe6 7. Qa4 c6 8. O-O
d5 9. cxd5 cxd5 10. d4 Bd7 11. Qb3 exd4 12. exd4 Bb6 13. Nf4 Qg4 14. Bh3 Qf3
15. Ncxd5 Qe4 16. Bg2 Qxd4 17. Nxe7+ Kh8 18. Bxb7 a6 19. Bxa8 Bb5 20. Be3 Qd6
21. Nf5 1-0

[Event "C.to Europeo U12 femminile"]
[Site "Fermo ITA"]
[Date "2009.09.01"]
[Round "2"]
[White "Styazhkina, Anna"]
[Black "Kakutia, Ada"]
[Result "1-0"]
[WhiteElo "2056"]
[BlackElo "1686"]
[PlyCount "149"]
[EventDate "2009.08.31"]

1. Nf3 Nf6 2. d4 e6 3. Bg5 Be7 4. e3 d6 5. Bd3 O-O 6. Nbd2 c5 7. c3 Nc6 8. O-O
Qc7 9. e4 a6 10. Rc1 b5 11. Re1 Bb7 12. Bb1 e5 13. Nf1 Qb6 14. d5 Nb8 15. Ng3
Bc8 16. Qd2 h6 17. Be3 Ng4 18. h3 Nxe3 19. Qxe3 Re8 20. Rcd1 Nd7 21. Nf5 Nf6
22. N3h4 Nh5 23. Qf3 Nf4 24. Qg3 Bg5 25. Nf3 Bxf5 26. Nxg5 Bg6 27. Nf3 Qd8 28.
Nh4 Qf6 29. Nxg6 Qxg6 30. Qxg6 Nxg6 31. g3 Rab8 32. Bd3 c4 33. Be2 Rec8 34. Rb1
Rb7 35. Rec1 Nf8 36. f3 Nd7 37. Kf2 Kf8 38. Ke3 Ke7 39. f4 f6 40. Bg4 Rcb8 41.
Bxd7 Kxd7 42. fxe5 dxe5 43. b3 Rc8 44. b4 Kd6 45. g4 Rf8 46. a4 Ra7 47. Ra1
Rfa8 48. Rc2 Kc7 49. Rca2 Kb6 50. a5+ Kc7 51. h4 Rf8 52. Rf1 Kd6 53. Raf2 Raf7
54. Rf5 Ke7 55. g5 hxg5 56. hxg5 Rh8 57. gxf6+ gxf6 58. R5f3 Rh6 59. Rg3 Rh2
60. Rf2 Rh6 61. Rg8 Rf8 62. Rg3 Rh1 63. Rg7+ Rf7 64. Rg8 Re1+ 65. Re2 Rxe2+ 66.
Kxe2 Rh7 67. Ra8 Rh2+ 68. Kf3 Rc2 69. Ra7+ Kd8 70. Rxa6 Rxc3+ 71. Kg4 Rb3 72.
Kf5 Rf3+ 73. Ke6 c3 74. d6 Kc8 75. d7+ 1-0

[Event "C.to Europeo U12 femminile"]
[Site "Fermo ITA"]
[Date "2009.09.02"]
[Round "3"]
[White "Vanagaite, Giedre"]
[Black "Styazhkina, Anna"]
[Result "1-0"]
[WhiteElo "1725"]
[BlackElo "2056"]
[PlyCount "105"]
[EventDate "2009.08.31"]

1. d4 d5 2. c4 c6 3. Nf3 Nf6 4. e3 Bf5 5. Nc3 e6 6. a3 Nbd7 7. Bd3 Bg6 8. O-O
Bd6 9. Qe2 O-O 10. Rd1 Qe7 11. c5 Bc7 12. b4 e5 13. Bxg6 fxg6 14. e4 dxe4 15.
Nxe4 Nxe4 16. Qxe4 Nf6 17. Bg5 Rae8 18. Bxf6 Qxf6 19. d5 cxd5 20. Rxd5 Qe6 21.
Rad1 Rf4 22. Qc2 h6 23. R5d2 Ref8 24. Qa2 Qxa2 25. Rxa2 g5 26. h3 a6 27. Rd7
R4f7 28. Rxf7 Rxf7 29. Rd2 Re7 30. Kf1 Kf7 31. Ke2 Kf6 32. Rd1 h5 33. Nd2 g6
34. Ne4+ Kf5 35. Nd6+ Bxd6 36. Rxd6 Rc7 37. Ke3 Rc6 38. Rxc6 bxc6 39. g3 h4 40.
g4+ Kf6 41. Ke4 Ke6 42. f3 Kf6 43. Kd3 Ke6 44. Kc4 e4 45. fxe4 Ke5 46. Kd3 Kf4
47. Kd4 Kg3 48. e5 Kxh3 49. e6 Kg2 50. e7 h3 51. e8=Q h2 52. Qxc6+ Kg1 53. Qf3
1-0

[Event "C.to Europeo U12 femminile"]
[Site "Fermo ITA"]
[Date "2009.09.03"]
[Round "4"]
[White "Goryachkina, Aleksandra"]
[Black "Papathanasiou, Elisavet"]
[Result "0-1"]
[WhiteElo "1987"]
[BlackElo "1638"]
[PlyCount "82"]
[EventDate "2009.08.31"]

1. d4 d5 2. c4 c6 3. e3 Bf5 4. cxd5 cxd5 5. Qb3 Qc7 6. Nc3 e6 7. Nf3 Nf6 8.
Bb5+ Nc6 9. Ne5 Bd6 10. f4 O-O 11. O-O Nb4 12. Bd2 Bc2 13. Qa3 Nd3 14. b4 Bxb4
15. Nxd5 Nxd5 16. Bxb4 N3xb4 17. Rac1 Qe7 18. Rfe1 a6 19. Bc4 Be4 20. Qb3 b5
21. Bf1 f6 22. Ng4 Nb6 23. a3 N4d5 24. Nf2 f5 25. Nxe4 fxe4 26. g3 Rac8 27. Bg2
Nf6 28. h3 Nc4 29. a4 Nd2 30. Qb2 Nc4 31. Qb3 Na5 32. Qa2 b4 33. Bf1 b3 34. Qd2
Rxc1 35. Rxc1 Qa3 36. Bxa6 Qxa4 37. Qb2 Qa2 38. Rb1 Qxb2 39. Rxb2 Ra8 40. Bf1
Rc8 41. Rb1 Rc2 0-1

[Event "C.to Europeo U12 femminile"]
[Site "Fermo ITA"]
[Date "2009.09.03"]
[Round "4"]
[White "Kisteneva, Elizaveta"]
[Black "Vanagaite, Giedre"]
[Result "1/2-1/2"]
[WhiteElo "1797"]
[BlackElo "1725"]
[PlyCount "84"]
[EventDate "2009.08.31"]

1. c4 c6 2. Nc3 d5 3. cxd5 cxd5 4. d4 Nf6 5. Bf4 Nc6 6. e3 Bf5 7. Nf3 e6 8. Bb5
Nd7 9. O-O Rc8 10. Rc1 Be7 11. Ne2 O-O 12. Ng3 Bg6 13. a3 Qa5 14. Qe2 a6 15.
Bxc6 Rxc6 16. Rxc6 bxc6 17. Nd2 Qa4 18. Rc1 c5 19. Nf3 cxd4 20. exd4 Nb6 21.
Ne5 Bf6 22. Qe3 Bxe5 23. Bxe5 Nc4 24. Qe2 Qb3 25. Rc3 Qxb2 26. Qxb2 Nxb2 27.
Rc6 Bd3 28. Bd6 Ra8 29. Nh5 Nc4 30. Bc5 Rb8 31. h3 a5 32. Nf4 Bc2 33. Ne2 Rb1+
34. Kh2 g6 35. Ng3 Ra1 36. h4 h5 37. Rc8+ Kg7 38. Bf8+ Kf6 39. f3 Bd1 40. Rxc4
dxc4 41. Ne4+ Kf5 42. Ng3+ Kf6 1/2-1/2

[Event "C.to Europeo U12 femminile"]
[Site "Fermo ITA"]
[Date "2009.09.03"]
[Round "4"]
[White "Menzi, Nezihe Ezgi"]
[Black "Vasova, Maria"]
[Result "0-1"]
[WhiteElo "1723"]
[BlackElo "1757"]
[PlyCount "108"]
[EventDate "2009.08.31"]

1. e4 e5 2. Nf3 Nc6 3. Bb5 Nd4 4. Nxd4 exd4 5. O-O Bc5 6. Be2 d6 7. d3 Qf6 8.
Nd2 Ne7 9. f4 O-O 10. Nf3 Nc6 11. f5 h6 12. g4 Ne5 13. Nxe5 dxe5 14. Qe1 Be7
15. Kh1 Qc6 16. Bd1 Kh7 17. Qg3 f6 18. h4 Rh8 19. Rf2 Kg8 20. Bf3 Bd7 21. Bd2
Rc8 22. Rg1 Kf7 23. Bc1 Qd6 24. Kg2 Rcg8 25. g5 hxg5 26. hxg5 fxg5 27. Bxg5
Bxg5 28. Qxg5 Qh6 29. Kf1 Be8 30. Rfg2 Qxg5 31. Rxg5 Kf6 32. Bd1 Rh2 33. R5g2
Rxg2 34. Rxg2 Rh8 35. Kf2 Bf7 36. a3 Rh1 37. Bf3 Rh8 38. Ke2 Rh4 39. Kd2 Rh3
40. Ke2 Rh6 41. Kf2 Rh1 42. Ke2 b5 43. Rxg7 Rb1 44. Rh7 Rxb2 45. Kd1 Ra2 46.
Rh6+ Kg7 47. Ra6 b4 48. Rxa7 bxa3 49. Kd2 Ra1 50. c4 dxc3+ 51. Kxc3 a2 52. f6+
Kxf6 53. Ra6+ Kg7 54. Kc2 Rb1 0-1

[Event "C.to Europeo U12 femminile"]
[Site "Fermo ITA"]
[Date "2009.09.03"]
[Round "4"]
[White "Schnegg, Anna-Lena"]
[Black "Hincu, Olga"]
[Result "0-1"]
[WhiteElo "1814"]
[BlackElo "1609"]
[PlyCount "118"]
[EventDate "2009.08.31"]

1. e4 e6 2. d4 d5 3. Nd2 dxe4 4. Nxe4 Nf6 5. Nxf6+ Qxf6 6. Nf3 h6 7. Bd3 Bd6 8.
Qe2 O-O 9. Ne5 Qe7 10. Qg4 f5 11. Qg3 Rf6 12. Bf4 Nd7 13. O-O-O c5 14. Nxd7
Bxf4+ 15. Qxf4 Bxd7 16. Qc7 Rc8 17. Qxb7 cxd4 18. Kb1 e5 19. Rhe1 Rf7 20. f3
Qc5 21. Qb3 Kf8 22. Re2 Rf6 23. Rde1 Re6 24. a3 Qa5 25. Bxf5 Rb6 26. Rxe5 Qxe1+
27. Rxe1 Rxb3 28. Bxd7 Re3 29. Rxe3 dxe3 30. Bb5 Rc5 31. Bd3 Re5 32. Be2 Ke7
33. c4 Rh5 34. h3 Rh4 35. Kc2 Rd4 36. Bd3 g5 37. Kc3 Rd8 38. b4 Kf6 39. g3 Ke5
40. a4 h5 41. c5 h4 42. gxh4 gxh4 43. c6 Kf4 44. Ba6 Rd6 45. Bb5 e2 46. Bxe2
Rxc6+ 47. Kd4 Kg3 48. f4 Kxh3 49. f5 Kg3 50. b5 Rd6+ 51. Ke5 Rd2 52. Bf1 Rd1
53. Bc4 h3 54. f6 h2 55. f7 Rd8 56. Bd5 Rxd5+ 57. Kxd5 h1=Q+ 58. Ke6 Qe4+ 59.
Kd7 Qd5+ 0-1

[Event "C.to Europeo U12 femminile"]
[Site "Fermo ITA"]
[Date "2009.09.04"]
[Round "5"]
[White "Abdimanoglu, Beste Basak"]
[Black "Paolillo, Gaia"]
[Result "1-0"]
[WhiteElo "1741"]
[BlackElo "1497"]
[PlyCount "47"]
[EventDate "2009.08.31"]

1. d4 d5 2. c4 e6 3. Nc3 Nf6 4. e3 Nc6 5. Nf3 Bb4 6. Qc2 Bd7 7. Be2 Qe7 8. O-O
O-O 9. a3 Bxc3 10. Qxc3 dxc4 11. Bxc4 h6 12. b4 a6 13. Bb2 Nd5 14. Qc2 b5 15.
Bxd5 exd5 16. Ne5 Nxe5 17. dxe5 Rac8 18. Bd4 Rfe8 19. f4 Qh4 20. f5 Qe4 21. Qf2
g6 22. e6 fxe6 23. Qg3 Kh7 24. Qxg6# 1-0